Sports Quiz

Random Sports or NBA Quiz

Sporcle's Easiest Teams Quiz Stats

 Plays Quiz Updated Aug 15, 2017

Challenge
Share
Tweet
Embed
Score 0/30 Timer 05:00
13 Plays Today
Hint Answer % Correct
MLBNew York Yankees
85.8%
NFLNew England Patriots
84.8%
NBALos Angeles Lakers
82%
MLBBoston Red Sox
80.3%
MLBCincinnati Reds
80.1%
NFLNew York Giants
77.1%
NFLDallas Cowboys
73.6%
Premier LeagueManchester United
73.3%
NBAMiami Heat
69.4%
NBABoston Celtics
69.2%
NFLNew York Jets
66.3%
NBAChicago Bulls
65.3%
Test Cricket NationsIndia
65.2%
Premier LeagueManchester City
64.3%
Premier LeagueChelsea
63%
Hint Answer % Correct
Premier LeagueArsenal
60.8%
NBANew York Knicks
60.4%
NHLNew York Rangers
58.7%
Premier LeagueLiverpool
56.9%
MLBNew York Mets
55.8%
Test Cricket NationsAustralia
54.1%
MLBChicago White Sox
53.8%
Test Cricket NationsEngland
51.6%
NFLMiami Dolphins
51.2%
NHLBoston Bruins
50.8%
NHLDetroit Red Wings
50.6%
NHLPittsburgh Penguins
48.9%
Test Cricket NationsPakistan
47.4%
NHLToronto Maple Leafs
46.8%
Test Cricket NationsNew Zealand
45.8%

You're not logged in!

Compare scores with friends on all Sporcle quizzes.
Join for Free
OR
Log In

You Might Also Like...

Show Comments

Extras

Top Quizzes Today


Score Distribution

Your Account Isn't Verified!

In order to create a playlist on Sporcle, you need to verify the email address you used during registration. Go to your Sporcle Settings to finish the process.

Report this User

Report this user for behavior that violates our Community Guidelines.

Details: